[Event "Steinfurt Bezirksliga 1112"]
[Site "Germany"]
[Date "2012.05.05"]
[Round "8.6"]
[White "Hallmeier, Philipp"]
[Black "Uhde, Herbert"]
[Result "1-0"]
[WhiteElo "1426"]
[BlackElo "1553"]
[PlyCount "81"]
[EventDate "2011.10.01"]
[EventType "team-tourn"]
[EventRounds "9"]
[EventCountry "GER"]
[SourceTitle "EXT 2013"]
[Source "ChessBase"]
[SourceDate "2012.11.22"]
[SourceVersion "1"]
[SourceVersionDate "2012.11.22"]
[SourceQuality "1"]
[WhiteTeam "Ibbenbueren II"]
[BlackTeam "Emsdetten Rochade III"]
[WhiteTeamCountry "GER"]
[BlackTeamCountry "GER"]

1. e4 e5 2. Nf3 Nc6 3. Bb5 a6 4. Bxc6 dxc6 5. 0-0 Bg4 6. h3 Bh5 7. g4 Bg6 8. Nxe5 Qh4 9. Qf3 f6 10. Nxg6 hxg6 11. Kg2 0-0-0 12. Qg3 Qh7 13. d3 Bd6 14. f4 g5 15. Rh1 gxf4 16. Bxf4 Bxf4 17. Qxf4 Ne7 18. Nc3 Ng6 19. Qe3 Kb8 20. Ne2 Nh4+ 21. Kg3 g6 22. Raf1 f5 23. exf5 gxf5 24. Nd4 Rde8 25. Qf4 Ng6 26. Qf2 f4+ 27. Kg2 Re3 28. Nf3 Rxf3 29. Kxf3 Re8 30. Kg2 f3+ 31. Kg1 Nh4 32. Re1 Rxe1+ 33. Qxe1 Qh6 34. Kf2 b6 35. Qe3 Qf6 36. c3 Qd6 37. Qd4 Qe6 38. Re1 Qh6 39. Qd8+ Kb7 40. g5 Qg6 41. Re8 1-0

[Event "Steinfurt Bezirksliga 1112"]
[Site "Germany"]
[Date "2012.03.03"]
[Round "6.5"]
[White "Uhde, Herbert"]
[Black "Rengers, Rainer"]
[Result "0-1"]
[WhiteElo "1553"]
[BlackElo "1611"]
[PlyCount "104"]
[EventDate "2011.10.01"]
[EventType "team-tourn"]
[EventRounds "9"]
[EventCountry "GER"]
[SourceTitle "EXT 2013"]
[Source "ChessBase"]
[SourceDate "2012.11.22"]
[SourceVersion "1"]
[SourceVersionDate "2012.11.22"]
[SourceQuality "1"]
[WhiteTeam "Emsdetten Rochade III"]
[BlackTeam "Neuenkirchen II"]
[WhiteTeamCountry "GER"]
[BlackTeamCountry "GER"]

1. e4 d5 2. exd5 Qxd5 3. Nc3 Qd6 4. d4 Nf6 5. Nb5 Qb6 6. Bf4 Nd5 7. Bg3 c6 8. Nc3 Qxb2 9. Nxd5 cxd5 10. Rb1 Qc3+ 11. Qd2 Qxd2+ 12. Kxd2 Nc6 13. Nf3 a6 14. Bd3 g6 15. c3 h5 16. h4 Bh6+ 17. Kc2 Bg7 18. Rhe1 0-0 19. Ne5 Nxe5 20. Bxe5 Bxe5 21. Rxe5 e6 22. Rg5 Kg7 23. Rb6 Rd8 24. f4 Kf8 25. Rg3 Ke7 26. a4 Rd6 27. Rb2 Rb8 28. Re3 Bd7 29. Rb4 a5 30. Rb2 Bxa4+ 31. Kd2 Bc6 32. Bc2 b5 33. Re1 Rd7 34. Ra1 Ra7 35. Ba4 Rab7 36. Bc2 b4 37. cxb4 Rxb4 38. Rxb4 Rxb4 39. Rxa5 Rxd4+ 40. Ke3 Rb4 41. Ra7+ Kf6 42. g3 d4+ 43. Kd2 Bb5 44. Rc7 Ba4 45. Be4 Rb2+ 46. Kc1 Re2 47. Rc4 Rxe4 48. Rxa4 Re3 49. Rxd4 Rxg3 50. Kd2 Rh3 51. Ke2 Rxh4 52. Kf3 Kf5 0-1

[Event "Muensterland Verbandsklasse-A 0809"]
[Site "Germany"]
[Date "2009.03.07"]
[Round "7.6"]
[White "Gerighausen, Karl Heinz"]
[Black "Uhde, Herbert"]
[Result "1/2-1/2"]
[WhiteElo "1735"]
[BlackElo "1591"]
[PlyCount "39"]
[EventDate "2008.09.13"]
[EventType "tourn"]
[EventRounds "9"]
[EventCountry "GER"]
[SourceTitle "EXT 2010"]
[Source "ChessBase"]
[SourceDate "2010.11.25"]
[SourceVersion "1"]
[SourceVersionDate "2010.11.25"]
[SourceQuality "1"]
[WhiteTeam "Ibbenbueren"]
[BlackTeam "Emsdetten Rochade"]
[WhiteTeamCountry "GER"]
[BlackTeamCountry "GER"]

1. e4 e5 2. d4 exd4 3. Qxd4 Nc6 4. Qe3 g6 5. Bd2 Bg7 6. Bc3 Bxc3+ 7. Nxc3 d6 8. Bc4 Be6 9. Bxe6 fxe6 10. 0-0-0 Qf6 11. Nb5 Qg7 12. Ne2 a6 13. Nbd4 Nxd4 14. Rxd4 e5 15. Rd2 Qf7 16. Kb1 Ne7 17. f3 Nc6 18. Nc3 0-0-0 19. Nd5 Kb8 20. Rc1 1/2-1/2

[Event "Muensterland Verbandsklasse-A 0809"]
[Site "Germany"]
[Date "2008.09.13"]
[Round "1.6"]
[White "Uhde, Herbert"]
[Black "Drees, Horst"]
[Result "1-0"]
[WhiteElo "1591"]
[BlackElo "1558"]
[PlyCount "44"]
[EventDate "2008.09.13"]
[EventType "tourn"]
[EventRounds "9"]
[EventCountry "GER"]
[SourceTitle "EXT 2010"]
[Source "ChessBase"]
[SourceDate "2010.11.25"]
[SourceVersion "1"]
[SourceVersionDate "2010.11.25"]
[SourceQuality "1"]
[WhiteTeam "Emsdetten Rochade"]
[BlackTeam "Gronau II"]
[WhiteTeamCountry "GER"]
[BlackTeamCountry "GER"]

1. e4 e5 2. Nf3 Nc6 3. d4 exd4 4. Nxd4 Nxd4 5. Qxd4 d6 6. Bc4 Qf6 7. Be3 Be7 8. Nc3 c6 9. 0-0-0 Be6 10. Bxe6 fxe6 11. Qb4 b6 12. Qa4 Kf7 13. Qxc6 Nh6 14. Nb5 Rac8 15. Nxd6+ Bxd6 16. Qxd6 Rhd8 17. Qa3 Kg6 18. Rxd8 Qxd8 19. Qxa7 b5 20. Rd1 Qf8 21. Qd7 Qe8 22. Qxb5 Ng4 1-0

[Event "Steinfurt Bezirksliga 0607"]
[Site "Germany"]
[Date "2007.01.13"]
[Round "5.4"]
[White "Richter, Michael2"]
[Black "Uhde, Herbert"]
[Result "1/2-1/2"]
[WhiteElo "1676"]
[BlackElo "1685"]
[PlyCount "61"]
[EventDate "2006.09.09"]
[EventType "team-tourn"]
[EventRounds "9"]
[EventCountry "GER"]
[SourceTitle "EXT 2008"]
[Source "ChessBase"]
[SourceDate "2007.11.25"]
[SourceVersion "1"]
[SourceVersionDate "2007.11.25"]
[SourceQuality "1"]
[WhiteTeam "Reckenfeld"]
[BlackTeam "Emsdetten Rochade III"]
[WhiteTeamCountry "GER"]
[BlackTeamCountry "GER"]

1. c4 e5 2. Nc3 Nf6 3. g3 d5 4. cxd5 Nxd5 5. Bg2 c6 6. Qb3 Nb6 7. Nf3 Bd6 8. 0-0 0-0 9. Rd1 Be6 10. Qc2 f5 11. d4 e4 12. Ng5 Qf6 13. Nxe6 Qxe6 14. d5 cxd5 15. Nxd5 Nxd5 16. Qb3 Nc7 17. Qxe6+ Nxe6 18. Rxd6 Nc7 19. Bf4 Ne8 20. Rd8 Nf6 21. Rxf8+ Kxf8 22. f3 Nc6 23. Rd1 Re8 24. Bh3 exf3 25. exf3 Re2 26. Rd2 Rxd2 27. Bxd2 g6 28. Bg2 Ke7 29. Kf2 Kd6 30. Bf1 Nd5 31. h4 1/2-1/2

[Event "Steinfurt Bezirksliga 0506"]
[Site "Germany"]
[Date "2006.03.18"]
[Round "8.1"]
[White "Roos, Wilfried"]
[Black "Uhde, Herbert"]
[Result "1/2-1/2"]
[WhiteElo "1677"]
[BlackElo "1694"]
[PlyCount "32"]
[EventDate "2005.09.24"]
[EventType "team-tourn"]
[EventRounds "9"]
[EventCountry "GER"]
[SourceTitle "EXT 2006"]
[Source "ChessBase"]
[SourceDate "2005.11.24"]
[SourceVersion "1"]
[SourceVersionDate "2005.11.24"]
[SourceQuality "1"]
[WhiteTeam "Falke Saerbeck III"]
[BlackTeam "Emsdetten Rochade II"]
[WhiteTeamCountry "GER"]
[BlackTeamCountry "GER"]

1. d4 d5 2. Nf3 Nf6 3. Bg5 h6 4. Bh4 Nc6 5. e3 g5 6. Bg3 Ne4 7. Bb5 Nxg3 8. fxg3 Qd6 9. Nbd2 Bd7 10. 0-0 0-0-0 11. c4 f6 12. e4 dxc4 13. Bxc6 Qxc6 14. Qc2 Qa6 15. Rfc1 Bg4 16. d5 e6 1/2-1/2

[Event "Steinfurt Bezirksliga 0506"]
[Site "Germany"]
[Date "2006.02.04"]
[Round "6.1"]
[White "Sarana Hungeling, Oksana"]
[Black "Uhde, Herbert"]
[Result "1-0"]
[WhiteElo "2269"]
[BlackElo "1694"]
[PlyCount "59"]
[EventDate "2005.09.24"]
[EventType "team-tourn"]
[EventRounds "9"]
[EventCountry "GER"]
[SourceTitle "EXT 2006"]
[Source "ChessBase"]
[SourceDate "2005.11.24"]
[SourceVersion "1"]
[SourceVersionDate "2005.11.24"]
[SourceQuality "1"]
[WhiteTeam "Emsdetten Turm III"]
[BlackTeam "Emsdetten Rochade II"]
[WhiteTeamCountry "GER"]
[BlackTeamCountry "GER"]

1. e4 e5 2. Nf3 Nc6 3. Bb5 a6 4. Ba4 Nf6 5. Qe2 b5 6. Bb3 Bc5 7. a4 Rb8 8. axb5 axb5 9. Nc3 0-0 10. 0-0 b4 11. Nd5 Nxd5 12. Bxd5 Nd4 13. Nxd4 Bxd4 14. c3 Bc5 15. d3 c6 16. Bc4 Qb6 17. Be3 Bb7 18. d4 exd4 19. cxd4 Bxd4 20. Bxd4 Qxd4 21. Rfd1 Qb6 22. Rxd7 Rbd8 23. Rad1 Rxd7 24. Rxd7 c5 25. Qf3 h6 26. Rxf7 Rxf7 27. Qxf7+ Kh7 28. Qf5+ Kh8 29. Qf8+ Kh7 30. Bg8+ 1-0

[Event "Steinfurt Bezirksliga 0405"]
[Site "Germany"]
[Date "2004.11.20"]
[Round "3.7"]
[White "Sablin, Juriy"]
[Black "Uhde, Herbert"]
[Result "1-0"]
[WhiteElo "1781"]
[BlackElo "1693"]
[PlyCount "135"]
[EventDate "2004.09.25"]
[EventType "team-tourn"]
[EventRounds "11"]
[EventCountry "GER"]
[SourceTitle "EXT 2006"]
[Source "ChessBase"]
[SourceDate "2005.11.24"]
[SourceVersion "1"]
[SourceVersionDate "2005.11.24"]
[SourceQuality "1"]
[WhiteTeam "Ibbenbueren II"]
[BlackTeam "Emsdetten Rochade II"]
[WhiteTeamCountry "GER"]
[BlackTeamCountry "GER"]

1. d4 d5 2. e3 Nf6 3. c4 dxc4 4. Bxc4 e6 5. Nc3 c5 6. d5 exd5 7. Nxd5 Nxd5 8. Qxd5 Qxd5 9. Bxd5 Bd6 10. Nf3 0-0 11. 0-0 Nd7 12. e4 Ne5 13. Rd1 Nxf3+ 14. gxf3 Be5 15. Rb1 a5 16. Be3 Ra6 17. Bxc5 Rg6+ 18. Kf1 Re8 19. Bc4 Bxh2 20. Bb5 Bh3+ 21. Ke2 Rc8 22. Rbc1 h5 23. Ke3 Bg2 24. Bd7 Ra8 25. Bf5 Rf6 26. Rd7 h4 27. Bd4 Rc6 28. Rxc6 bxc6 29. Be6 Rf8 30. Bc4 Bh3 31. Ra7 Be6 32. Bxe6 fxe6 33. Rxg7+ Kh8 34. Rg4+ e5 35. Rxh4+ Kg7 36. Bc5 Bf4+ 37. Kd3 Rd8+ 38. Kc3 Rd1 39. Be3 Bxe3 40. fxe3 Rf1 41. f4 Rf3 42. Rg4+ Kf7 43. f5 Rxe3+ 44. Kd2 Rh3 45. a3 Rb3 46. Kc2 Re3 47. Rg6 Rxe4 48. Rxc6 Rf4 49. Rc5 Rxf5 50. Rxa5 Rf2+ 51. Kc3 Ke6 52. Rb5 Rf4 53. Rb4 Rf1 54. Kd3 Rd1+ 55. Ke2 Ra1 56. a4 Kd5 57. b3 Rh1 58. a5 Kc5 59. Rb6 Kd4 60. b4 Rh2+ 61. Kf1 Ke3 62. a6 Rh1+ 63. Kg2 Ra1 64. b5 Ra2+ 65. Kg3 Kd3 66. Rb7 e4 67. a7 e3 68. b6 1-0

[Event "Muensterland Verbandsklasse-B 0304"]
[Site "Germany"]
[Date "2004.03.06"]
[Round "7.5"]
[White "Uhde, Herbert"]
[Black "Sindermann, Erwin"]
[Result "1-0"]
[WhiteElo "1694"]
[BlackElo "1871"]
[PlyCount "111"]
[EventDate "2003.09.20"]
[EventType "team-tourn"]
[EventRounds "9"]
[EventCountry "GER"]
[SourceTitle "EXT 2005"]
[Source "ChessBase"]
[SourceDate "2004.11.15"]
[SourceVersion "1"]
[SourceVersionDate "2004.11.15"]
[SourceQuality "1"]
[WhiteTeam "Emsdetten Rochade II"]
[BlackTeam "Duelmen"]
[WhiteTeamCountry "GER"]
[BlackTeamCountry "GER"]

1. e4 c5 2. Nf3 Nc6 3. d4 cxd4 4. Nxd4 e5 5. Nxc6 bxc6 6. Bc4 Nf6 7. Nc3 Bb4 8. 0-0 0-0 9. Bg5 h6 10. Bh4 Rb8 11. Qf3 Be7 12. Bb3 d6 13. h3 Be6 14. Rfd1 Qc7 15. Qd3 Rfd8 16. Bxe6 fxe6 17. b3 d5 18. exd5 exd5 19. Qf5 Rf8 20. Bg3 Bd6 21. Qg6 Nh7 22. Qe6+ Kh8 23. Ne4 Rbd8 24. Nxd6 Qxd6 25. Qxd6 Rxd6 26. Bxe5 Re6 27. Bd4 a6 28. Re1 Ng5 29. Rxe6 Nxe6 30. Bb2 Ng5 31. Re1 Ne4 32. f3 Ng3 33. Re7 d4 34. Bxd4 Nf5 35. Rd7 Nxd4 36. Rxd4 Re8 37. Kf2 Re5 38. Rc4 Re6 39. Rc5 Rd6 40. Ke3 Kg8 41. Ra5 Re6+ 42. Kd3 Rd6+ 43. Kc3 Rg6 44. Rxa6 Rxg2 45. Rxc6 Rg3 46. a4 Rxh3 47. a5 Rxf3+ 48. Kb4 h5 49. a6 Rf8 50. a7 Ra8 51. Ra6 h4 52. Kb5 h3 53. Kb6 h2 54. Ra1 g5 55. Rh1 Rf8 56. Rxh2 1-0

[Event "Steinfurt Bezirksliga 0203"]
[Site "Germany"]
[Date "2002.12.21"]
[Round "4.6"]
[White "Sterthaus, Paul"]
[Black "Uhde, Herbert"]
[Result "1/2-1/2"]
[WhiteElo "1520"]
[BlackElo "1669"]
[PlyCount "55"]
[EventDate "2002.09.14"]
[EventType "team-tourn"]
[EventRounds "9"]
[EventCountry "GER"]
[SourceTitle "EXT 2004"]
[Source "ChessBase"]
[SourceDate "2003.11.25"]
[SourceVersion "1"]
[SourceVersionDate "2003.11.25"]
[SourceQuality "1"]
[WhiteTeam "Neuenkirchen II"]
[BlackTeam "Emsdetten Rochade II"]
[WhiteTeamCountry "GER"]
[BlackTeamCountry "GER"]

1. e4 e5 2. Nf3 Nc6 3. d4 exd4 4. Nxd4 Nxd4 5. Qxd4 c5 6. Qe5+ Qe7 7. Qxe7+ Bxe7 8. Bc4 Nf6 9. Nc3 0-0 10. 0-0 d6 11. Bf4 Be6 12. Bd5 Nxd5 13. Nxd5 Bxd5 14. exd5 Rad8 15. Rfe1 Bf6 16. c3 b5 17. a3 a5 18. Bd2 Rfe8 19. Kf1 Kf8 20. Rxe8+ Kxe8 21. Re1+ Kd7 22. f4 a4 23. Re4 c4 24. Be3 Re8 25. Rxe8 Kxe8 26. Ke2 h5 27. g3 g6 28. Kf3 1/2-1/2